Southville International School and Colleges
Your cart is empty.
  • Cart
  • Lists
    Public lists Eva Luna New books Lux_list list_1
    Your lists Log in to create your own lists
  • Log in to your account
  • Your cookies
  • Search history
Southville International School and Colleges
  • Advanced search
  • Recent comments
  • Most popular
  • Libraries

Log in to your account

Log in with GOOGLE


If you do not have an external account, but do have a local account, you can still log in:

  1. Home
  2. MARC view: Servant leadership in nursing :
Normal view MARC view ISBD view

Servant leadership in nursing : (Record no. 25374)

[ view plain ]
MARC details
000 -LEADER
fixed length control field 00604nam a2200193 a 4500
005 - DATE AND TIME OF LATEST TRANSACTION
control field 20140310183619.0
008 - FIXED-LENGTH DATA ELEMENTS--GENERAL INFORMATION
fixed length control field 120926s19uu xx 00 eng d
020 ## - INTERNATIONAL STANDARD BOOK NUMBER
International Standard Book Number 9780763774851
050 ## - LIBRARY OF CONGRESS CALL NUMBER
Classification number RT 89
Item number .Ob27 2011
100 ## - MAIN ENTRY--PERSONAL NAME
Personal name Obrien, Mary Elizabeth
245 ## - TITLE STATEMENT
Title Servant leadership in nursing :
Remainder of title spirituality and practice in contemporary health care /
Statement of responsibility, etc Mary Elizabeth Obrien.
260 ## - PUBLICATION, DISTRIBUTION, ETC. (IMPRINT)
Place of publication, distribution, etc Ontario :
Name of publisher, distributor, etc Jones and Bartlett Pub,
Date of publication, distribution, etc 2011.
300 ## - PHYSICAL DESCRIPTION
Extent xviii, 355 p. :
Dimensions 20 cm.
521 ## - TARGET AUDIENCE NOTE
Target audience note
650 ## - SUBJECT ADDED ENTRY--TOPICAL TERM
Topical term or geographic name as entry element Nursing services
650 ## - SUBJECT ADDED ENTRY--TOPICAL TERM
Topical term or geographic name as entry element Nursing ethics
942 ## - ADDED ENTRY ELEMENTS (KOHA)
Koha item type Books
Source of classification or shelving scheme Library of Congress Classification
Call number prefix Foreign
Holdings
Withdrawn status Lost status Source of classification or shelving scheme Damaged status Home library Current library Shelving location Date acquired Total Checkouts Full call number Barcode Date last seen Copy number Price effective from Koha item type
    Library of Congress Classification   College Library College Library General Circulation Section 09/26/2012   RT 89 .Ob27 2011 C15422 05/15/2018 1 10/18/2013 Books

Servant leadership in nursing :

APA

Obrien M. E., . (2011). Servant leadership in nursing. Ontario: Jones and Bartlett Pub.

Chicago

Obrien Mary Elizabeth, . 2011. Servant leadership in nursing. Ontario: Jones and Bartlett Pub.

Harvard

Obrien M. E., . (2011). Servant leadership in nursing. Ontario: Jones and Bartlett Pub.

MLA

Obrien Mary Elizabeth, . Servant leadership in nursing. Ontario: Jones and Bartlett Pub. 2011.

  • Place hold
  • Print
  • Cite
  • Add to your cart (remove)
  • Save record
    BIBTEX Dublin Core MARCXML MARC (non-Unicode/MARC-8) MARC (Unicode/UTF-8) MARC (Unicode/UTF-8, Standard) MODS (XML) RIS
  • More searches
    Search for this title in:
    Other Libraries (WorldCat) Other Databases (Google Scholar) Online Stores (Bookfinder.com) Open Library (openlibrary.org)

Exporting to Dublin Core...

SOUTHVILLE LIBRARY

Southville International School and Colleges Library

1281 Tropical Ave. Cor. Luxembourg St., BF Homes International, Las Pinas City

Tel. No. 8256374 / 252358 Loc. 117/146

Powered by Koha